Analýza a vizualizácia finančných dát

Salvato in:
Dettagli Bibliografici
Autore principale: Hivko, Šimon (Autore)
Altri autori: Drozda, Martin (Relatore della tesi)
Natura: Manoscritto Libro
Lingua:slovacco
Pubblicazione: 2018
Soggetti:
Accesso online:http://is.stuba.sk/zp/portal_zp.pl?podrobnosti=123690
Tags: Aggiungi Tag
Nessun Tag, puoi essere il primo ad aggiungerne!!

MARC

LEADER 00000ntm a22000003a 4500
001 stuzp61130
003 SK-STU
005 20181203104028.3
007 ta
008 150427s2015----xo-----f-mn---000-0-slo-d
040 |a STU  |b slo 
041 0 |a slo 
044 |a xo 
100 1 |a Hivko, Šimon  |u 035000  |4 aut  |U FEI Fakulta elektrotechniky a informatiky  |T FEI Ústav informatiky a matematiky  |X 72107  |U E050  |Y 816  |7 72107 
242 0 1 |a Analysis and visualisation of financial data  |y eng 
245 1 0 |a Analýza a vizualizácia finančných dát 
260 |c 2018 
300 |a 26 s., príl., CD-ROM 
650 4 |a indicator  |2 eng 
650 4 |a graph  |2 eng 
650 4 |a algorithmic analysis  |2 eng 
650 4 |a indikátor  |2 slo 
650 4 |a graf  |2 slo 
650 4 |a algoritmická analýza  |2 slo 
700 1 |a Drozda, Martin  |u 035000  |k Z1  |4 ths  |U FEI Fakulta elektrotechniky a informatiky  |T FEI Ústav informatiky a matematiky  |X 71006  |U E050  |Y 816  |7 A000071006 
856 4 |u http://is.stuba.sk/zp/portal_zp.pl?podrobnosti=123690 
996 |b 284ER02821  |c E*Bc- 2821  |l EE35  |s P  |a 0  |w stuzp61130_0001